000 00399nam a22001697a 4500
005 20160614094715.0
008 160614b xxu||||| |||| 00| 0 eng d
020 _a81-7554-139-3
041 _aeng
082 _b7310
100 _aAlder, Harry
_91145
245 _aBoost your intelligence
260 _bKogen Pege India (p) ltd
_c2002
300 _a171
650 _aManagement
_9241
942 _cBK
999 _c2571
_d2570